Central Library OPAC University of Rajshahi

Cotton / (Record no. 68069)

MARC details
000 -LEADER
fixed length control field 00581nam a2200217 a 4500
001 - CONTROL NUMBER
control field 68069
003 - CONTROL NUMBER IDENTIFIER
rucl marc code BD-RjUL
005 - DATE AND TIME OF LATEST TRANSACTION
control field 20211209081728.0
008 - FIXED-LENGTH DATA ELEMENTS--GENERAL INFORMATION
fixed length control field 170330s1958 ilua b 001 0 eng
035 ## - SYSTEM CONTROL NUMBER
System control number (BD-RjUL)68278
040 ## - CATALOGING SOURCE
Original cataloging agency DLC
Transcribing agency FTS
Modifying agency BD-RjUL
Language of cataloging eng
041 ## - LANGUAGE CODE
Language code of text/sound track or separate title eng
082 00 - DEWEY DECIMAL CLASSIFICATION NUMBER
Classification number 633.51
Author mark and year BRC 1958
Edition number 23
100 1# - MAIN ENTRY--PERSONAL NAME
Personal name Brown, H. B. (Harry Bates),
9 (RLIN) 201787
245 10 - TITLE STATEMENT
Title Cotton /
Statement of responsibility, etc. H B Braun; J O Ware
260 ## - PUBLICATION, DISTRIBUTION, ETC. (IMPRINT)
Place of publication, distribution, etc. New York :
Name of publisher, distributor, etc. McGraw - Hill,
Date of publication, distribution, etc. c1958
300 ## - PHYSICAL DESCRIPTION
Pagination 566 p. :
Illustrations ill. ;
Size 23 cm.
500 ## - GENERAL NOTE
General note Includes index.
650 ## - SUBJECT ADDED ENTRY--TOPICAL TERM
Topical term or geographic name as entry element Cotton
9 (RLIN) 132804
942 ## - ADDED ENTRY ELEMENTS (KOHA)
Source of classification or shelving scheme Dewey Decimal Classification
Koha item type Books
Holdings
Lost status Source of classification or shelving scheme Damaged status Not for loan Collection code Permanent Location Current Location Shelving location Date acquired Source of acquisition Cost, normal purchase price Total Checkouts Full call number Date last seen Copy number Koha item type
  Dewey Decimal Classification   Not For Loan Non-fiction Central Library, University of Rajshahi Central Library, University of Rajshahi Reading Room 15/06/1960 Mirza Book agency 60.00   633.51 BRC 1958 30/03/2017 C-1 Books